01434cam a2200289 a 4500999001300000001000800013003000900021005001700030008004100047020001500088040002800103082001900131245022300150260004100373300004500414500028400459504004100743650004400784650003800828650003300866650004300899700002300942700002300965700002800988942001201016952011601028 c540d5402468494BD-DhUAP20200123114506.0200123s1990 ne a b 100 0 eng  a0444886486 aDLCcDLCdBD-DhUAPbEng00223a006.3 COM 10aComputational intelligence, II :bproceedings of the International Symposium "Computational Intelligence 89", Milan, Italy, 25-27 September 1989 /cedited by Francesco Gardin, Giancarlo Mauri and Mariagrazia Filippini. aAmsterdam ;bNorth-Holland ;cc1990. aix, 235 pages :billustrations ;c27 cm. a"Organized by the AMC [i.e. ACM] Italian Chapter of the Association for Computing Machinery and the University of Milano Dipartimento di scienze dell'informazione in cooperation with Association française pour la cybernétique économique e [i.e. et] technique ... [et al.]." aIncludes bibliographical references. 0aComputational intelligencexCongresses. 0aKnowledge, Theory ofxCongresses. 0aProblem solvingxCongresses. 0aComputational linguisticsxCongresses.1 aGardin, Francesco.1 aMauri, Gian Carlo.1 aFilippini, Mariagrazia. 2ddccBK 00102ddc4070aUAPCLbUAPCLcGeneral Stacksd2020-01-23o006.3 COMp3010000951r2020-01-23t1w2020-01-23yBK